000
00440nam a2200157Ia 4500
008
100122s9999 xx 000 0 und d
082
_b
48322
_a
823
100
_a
रॉबिन्स हेरॉल्ड
245
_a
अमर
260
_b
मेहता पब्लिकेशन हाऊस
_c
1993
300
_a
316
630
_a
अमर
700
_a
मांडे अरुण
730
_a
अमर
942
_c
BOOK
999
_c
427004
_d
427001